[Event "SUR-ch"]
[Site "Paramaribo"]
[Date "2015.04.12"]
[Round "9"]
[White "Veer, Willem"]
[Black "Frijde, Reyna"]
[Result "1-0"]
[WhiteElo "1900"]
[BlackElo "1576"]
[PlyCount "137"]
[EventDate "2015.03.20"]
[EventType "tourn"]
[EventRounds "13"]
[EventCountry "SUR"]
[SourceTitle "EXT 2018"]
[Source "ChessBase"]
[SourceDate "2017.10.13"]
[SourceVersion "1"]
[SourceVersionDate "2017.10.13"]
[SourceQuality "1"]

1. c4 e5 2. Nc3 Nf6 3. e4 c6 4. Nf3 d6 5. Be2 Be7 6. 0-0 0-0 7. d3 Nbd7 8. h3 Nb6 9. g4 h6 10. Kg2 Nh7 11. Be3 c5 12. Qd2 g5 13. a3 a5 14. Rh1 Kg7 15. Kg3 Be6 16. Rh2 Rh8 17. h4 f6 18. Rah1 Nd7 19. hxg5 Nxg5 20. Bxg5 fxg5 21. Ne1 Nf8 22. Ng2 Ng6 23. Ne3 Nf4 24. Nf5+ Bxf5 25. exf5 Rb8 26. Bf3 b6 27. Nb5 Bf6 28. Nc3 Qd7 29. Be4 Qc8 30. Qd1 Qc7 31. Qa4 Qd8 32. Qc6 Rc8 33. Qb7+ Qc7 34. Qa6 Rb8 35. Qb5 Qd8 36. f3 Qc7 37. Nd5 Nxd5 38. Bxd5 Qd8 39. Rb1 Qe8 40. Qxe8 Rhxe8 41. Kf2 Rh8 42. Ke3 b5 43. Ke4 b4 44. axb4 axb4 45. Ra1 Rhe8 46. b3 Re7 47. Ra6 Rd8 48. Be6 Rc7 49. Rha2 Be7 50. Ra8 Rxa8 51. Rxa8 Rb7 52. Kd5 Rb6 53. Rg8+ Kh7 54. Re8 Bf6 55. Ra8 Kg7 56. Ra7+ Kh8 57. Bd7 Bg7 58. Bc6 Bf8 59. Ra8 Kg7 60. Bd7 Kf7 61. Be6+ Kg7 62. Ra7+ Kh8 63. f6 Rb8 64. Kc6 Re8 65. Bd7 Rd8 66. Kc7 Rxd7+ 67. Kxd7 Kg8 68. Ke8 Kh8 69. Kxf8 1-0

[Event "SUR-ch"]
[Site "Paramaribo"]
[Date "2015.03.25"]
[Round "3"]
[White "Veer, Willem"]
[Black "Sanches, Casanova Romario"]
[Result "0-1"]
[WhiteElo "1900"]
[BlackElo "2089"]
[PlyCount "108"]
[EventDate "2015.03.20"]
[EventType "tourn"]
[EventRounds "13"]
[EventCountry "SUR"]
[SourceTitle "EXT 2018"]
[Source "ChessBase"]
[SourceDate "2017.10.13"]
[SourceVersion "1"]
[SourceVersionDate "2017.10.13"]
[SourceQuality "1"]

1. d4 Nf6 2. c4 c5 3. d5 e5 4. Nc3 d6 5. e4 Be7 6. Bd3 0-0 7. Nge2 Ne8 8. Qc2 Nd7 9. 0-0 g6 10. Bh6 Ng7 11. Ng3 a6 12. a3 Bg5 13. Bxg7 Kxg7 14. b4 Bf4 15. Na4 b6 16. Rab1 Qh4 17. bxc5 bxc5 18. Nb6 Nxb6 19. Rxb6 Qd8 20. Rfb1 Bg5 21. Rc6 Be7 22. Rcb6 h5 23. Qc3 Qc7 24. Rc6 Qd7 25. Rcb6 h4 26. Nf1 Qg4 27. f3 Qg5 28. Qd2 Qh5 29. Be2 f6 30. Rc6 Rf7 31. Rcb6 Qh8 32. Bd3 Qd8 33. Qc2 Qc7 34. Rc6 Qd7 35. Rcb6 Bd8 36. R6b2 Qc7 37. Qc3 f5 38. Qd2 Bf6 39. Rb6 Bd8 40. R6b2 fxe4 41. Bxe4 Ra7 42. Qc3 Bf5 43. Bxf5 gxf5 44. Qc2 Qe7 45. Qc3 Qg5 46. Qd2 Qg6 47. Rb8 Bg5 48. Qc2 e4 49. R1b6 Bf6 50. Re8 Be5 51. Rbb8 Kh7 52. Qd2 Rab7 53. Rxb7 Rxb7 54. fxe4 Qxe8 0-1

[Event "SUR-ch"]
[Site "Paramaribo"]
[Date "2015.03.20"]
[Round "1"]
[White "Veer, Willem"]
[Black "Tjong Tjin, Joe Calvin"]
[Result "1/2-1/2"]
[WhiteElo "1900"]
[BlackElo "2042"]
[PlyCount "36"]
[EventDate "2015.03.20"]
[EventType "tourn"]
[EventRounds "13"]
[EventCountry "SUR"]
[SourceTitle "EXT 2018"]
[Source "ChessBase"]
[SourceDate "2017.10.13"]
[SourceVersion "1"]
[SourceVersionDate "2017.10.13"]
[SourceQuality "1"]

1. d4 d5 2. Nf3 Nf6 3. e3 g6 4. Bd3 Bg7 5. b3 0-0 6. Bb2 b6 7. Qe2 Bb7 8. Nbd2 Ne4 9. 0-0 Nd7 10. c4 Nxd2 11. Nxd2 c5 12. Nf3 cxd4 13. exd4 Re8 14. Ne5 f6 15. Nxg6 hxg6 16. Qe6+ Kh8 17. Qh3+ Kg8 18. Qe6+ Kh8 1/2-1/2

[Event "SUR-ch"]
[Site "Paramaribo"]
[Date "2014.03.12"]
[Round "11"]
[White "Veer, Willem"]
[Black "Kromosoeto, Immanuel"]
[Result "1/2-1/2"]
[WhiteElo "1892"]
[BlackElo "1803"]
[PlyCount "106"]
[EventDate "2014.02.16"]
[EventType "tourn"]
[EventRounds "13"]
[EventCountry "SUR"]
[SourceTitle "EXT 2018"]
[Source "ChessBase"]
[SourceDate "2017.10.13"]
[SourceVersion "1"]
[SourceVersionDate "2017.10.13"]
[SourceQuality "1"]

1. Nf3 Nf6 2. e3 d5 3. d4 Bf5 4. c4 e6 5. Nc3 c6 6. Qb3 Qb6 7. Qxb6 axb6 8. cxd5 exd5 9. Nh4 Be6 10. Bd3 Be7 11. Nf5 Bxf5 12. Bxf5 Nbd7 13. 0-0 0-0 14. Bd2 Ra7 15. a3 Rfa8 16. f3 b5 17. Na2 Nb6 18. Rab1 Nc4 19. Bc1 Ne8 20. Kf2 Nc7 21. Rd1 Na6 22. Bd2 Nxd2 23. Rxd2 b4 24. Nxb4 Bxb4 25. axb4 Nxb4 26. h4 g6 27. Bc2 Nxc2 28. Rxc2 Ra1 29. Rxa1 Rxa1 30. Rc3 Kf8 31. Rb3 Ra7 32. e4 dxe4 33. fxe4 Ke7 34. Ke3 Ke6 35. Rb6 Kd7 36. Kf4 Kc7 37. Rb4 Ra5 38. g4 h6 39. e5 Ra1 40. Rb3 Rh1 41. Rf3 Kd7 42. Kg3 Ke7 43. Rb3 b5 44. Rc3 Rd1 45. Rxc6 Rxd4 46. h5 gxh5 47. gxh5 Re4 48. Rxh6 Rxe5 49. Kg4 Re2 50. Rb6 Rxb2 51. Kg5 Rg2+ 52. Kh6 b4 53. Rxb4 f5 1/2-1/2

[Event "SUR-ch"]
[Site "Paramaribo"]
[Date "2014.03.02"]
[Round "6"]
[White "Lautan, Shatish"]
[Black "Veer, Willem"]
[Result "1/2-1/2"]
[WhiteElo "1936"]
[BlackElo "1892"]
[PlyCount "93"]
[EventDate "2014.02.16"]
[EventType "tourn"]
[EventRounds "13"]
[EventCountry "SUR"]
[SourceTitle "EXT 2018"]
[Source "ChessBase"]
[SourceDate "2017.10.13"]
[SourceVersion "1"]
[SourceVersionDate "2017.10.13"]
[SourceQuality "1"]

1. d4 e6 2. c4 f5 3. Nc3 Nf6 4. g3 d5 5. Bg2 c6 6. cxd5 exd5 7. Nf3 Be7 8. 0-0 0-0 9. Bf4 Nbd7 10. Ne5 Ne4 11. Nxd7 Bxd7 12. Qb3 Qb6 13. Qxb6 axb6 14. Nxe4 dxe4 15. Be5 Be6 16. a3 b5 17. e3 Bc4 18. Rfc1 Bd5 19. Bf1 Ra4 20. Be2 Rfa8 21. Rab1 Ba2 22. Ra1 Bb3 23. Rab1 g6 24. Bd1 Bxd1 25. Rxd1 Rd8 26. Rdc1 Ra6 27. Kf1 Kf7 28. Ke2 Ke6 29. h4 h5 30. Bf4 Rda8 31. Rc2 Ra4 32. Kd2 Rc4 33. Rxc4 bxc4 34. Kc2 b5 35. Bh6 Kd5 36. Bf4 Bf6 37. Bc7 Ra6 38. Bf4 Ra7 39. Bh6 Be7 40. Bf4 Rd7 41. Kc3 c5 42. dxc5 Kxc5 43. Be5 Rd3+ 44. Kc2 Bd8 45. Bc3 Kc6 46. Ra1 Be7 47. Rb1 1/2-1/2

[Event "SUR-ch"]
[Site "Paramaribo"]
[Date "2014.02.19"]
[Round "3"]
[White "Tjong Tjin, Joe Calvin"]
[Black "Veer, Willem"]
[Result "1/2-1/2"]
[WhiteElo "1986"]
[BlackElo "1892"]
[PlyCount "63"]
[EventDate "2014.02.16"]
[EventType "tourn"]
[EventRounds "13"]
[EventCountry "SUR"]
[SourceTitle "EXT 2018"]
[Source "ChessBase"]
[SourceDate "2017.10.13"]
[SourceVersion "1"]
[SourceVersionDate "2017.10.13"]
[SourceQuality "1"]

1. e4 e6 2. Qe2 c5 3. Nf3 Nc6 4. g3 Be7 5. Bg2 Nf6 6. d3 0-0 7. 0-0 d5 8. e5 Nd7 9. c3 b6 10. Na3 Bb7 11. h4 a6 12. c4 d4 13. h5 Rb8 14. g4 Nb4 15. Bf4 Ba8 16. Nc2 Nxc2 17. Qxc2 a5 18. a4 Bxf3 19. Bxf3 Bg5 20. Bh2 Rc8 21. Bb7 Rc7 22. Bg2 Nb8 23. f4 Be7 24. f5 Bg5 25. f6 gxf6 26. exf6 Ra7 27. Bf4 Bxf4 28. Rxf4 Kh8 29. Qf2 Rg8 30. Qh4 Nd7 31. Be4 h6 32. Raf1 1/2-1/2

[Event "SUR-ch"]
[Site "Paramaribo"]
[Date "2014.02.16"]
[Round "1"]
[White "Prade, Cedric"]
[Black "Veer, Willem"]
[Result "0-1"]
[WhiteElo "1601"]
[BlackElo "1892"]
[PlyCount "88"]
[EventDate "2014.02.16"]
[EventType "tourn"]
[EventRounds "13"]
[EventCountry "SUR"]
[SourceTitle "EXT 2018"]
[Source "ChessBase"]
[SourceDate "2017.10.13"]
[SourceVersion "1"]
[SourceVersionDate "2017.10.13"]
[SourceQuality "1"]

1. d4 d5 2. Nf3 e6 3. Bf4 Bd6 4. Bg3 Nf6 5. e3 b6 6. Nbd2 Bb7 7. Bd3 0-0 8. c3 Nbd7 9. Qc2 Re8 10. Ne5 Nf8 11. Bb5 N6d7 12. Ndf3 a6 13. Bc6 Bxc6 14. Nxc6 Qc8 15. Bxd6 cxd6 16. Nb4 a5 17. Nd3 Qc6 18. 0-0 Rec8 19. Rac1 b5 20. Rfe1 Nf6 21. Nf4 N8d7 22. Qe2 Nb6 23. Rc2 Ra7 24. Rec1 Rac7 25. h3 h6 26. Nd2 Nc4 27. Nxc4 bxc4 28. Nh5 Nxh5 29. Qxh5 Qa4 30. a3 Rb7 31. Qe2 Qc6 32. Qh5 Rcb8 33. Rb1 Rb3 34. Qd1 Qb5 35. Qd2 Rxa3 36. bxa3 Qxb1+ 37. Kh2 a4 38. g3 Rb3 39. Ra2 Qd3 40. Qc2 Qxc3 41. Qxc3 Rxc3 42. Kg1 Rb3 43. Kf1 c3 44. Ra1 c2 0-1

[Event "SUR-ch"]
[Site "Paramaribo"]
[Date "2012.03.18"]
[Round "4"]
[White "Tjong Tjin, Joe Calvin"]
[Black "Veer, Willem"]
[Result "1-0"]
[WhiteElo "1960"]
[BlackElo "1914"]
[PlyCount "57"]
[EventDate "2012.03.14"]
[EventType "tourn"]
[EventRounds "13"]
[EventCountry "SUR"]
[SourceTitle "EXT 2013"]
[Source "ChessBase"]
[SourceDate "2012.11.22"]
[SourceVersion "1"]
[SourceVersionDate "2012.11.22"]
[SourceQuality "1"]

1. e4 e6 2. Qe2 c5 3. Nf3 Nc6 4. g3 Be7 5. Bg2 Nf6 6. c3 0-0 7. Na3 d5 8. d3 b6 9. 0-0 Ba6 10. e5 Nd7 11. h4 Qc7 12. Bf4 Rad8 13. h5 Rfe8 14. Nc2 Nf8 15. Nh2 Rd7 16. Ng4 Red8 17. Bh3 d4 18. Nf6+ Kh8 19. Nxd7 Qxd7 20. c4 Bb7 21. Bg2 Qc7 22. Rae1 Nd7 23. g4 Rg8 24. g5 Qd8 25. Qg4 f5 26. exf6 gxf6 27. Qxe6 Nf8 28. Qd5 Rxg5 29. Bxg5 1-0

[Event "SUR-ch"]
[Site "Paramaribo"]
[Date "2011.02.18"]
[Round "1"]
[White "Veer, Willem"]
[Black "Naipal, Ekaterina"]
[Result "1/2-1/2"]
[WhiteElo "1942"]
[BlackElo "1806"]
[PlyCount "94"]
[EventDate "2011.02.18"]
[EventType "tourn"]
[EventRounds "13"]
[EventCountry "SUR"]
[SourceTitle "EXT 2013"]
[Source "ChessBase"]
[SourceDate "2012.11.22"]
[SourceVersion "1"]
[SourceVersionDate "2012.11.22"]
[SourceQuality "1"]

1. b4 e5 2. Bb2 Bxb4 3. Bxe5 Nf6 4. c4 Nc6 5. Bb2 0-0 6. Nf3 Re8 7. e3 d6 8. Be2 a5 9. a3 Bc5 10. d4 Ba7 11. 0-0 Bg4 12. Nbd2 Qe7 13. Qc2 Bh5 14. Bd3 Bg6 15. Rab1 Ne4 16. Nxe4 Bxe4 17. Bxe4 Qxe4 18. Qxe4 Rxe4 19. Bc3 a4 20. Rb5 Bb6 21. Rfb1 h6 22. Nd2 Ree8 23. c5 dxc5 24. dxc5 Ba5 25. Bxa5 Rxa5 26. Rxa5 Nxa5 27. Kf1 Rd8 28. Ke2 Rd5 29. Ne4 Nb3 30. Nc3 Rxc5 31. Nxa4 Rb5 32. Nc3 Rb6 33. a4 Nc5 34. Rxb6 cxb6 35. e4 Kf8 36. Ke3 Ke8 37. Kd4 Kd7 38. g3 Kd6 39. f4 g6 40. Kc4 Kc6 41. e5 Nxa4 42. Ne2 b5+ 43. Kb4 Kb6 44. Nd4 Nc5 45. Nxb5 Ne4 46. Nd4 Nc5 47. Kc4 Ne6 1/2-1/2

[Event "Paramaribo Qualifier"]
[Site "Paramaribo"]
[Date "2011.02.06"]
[Round "7"]
[White "Dos Ramos, Rosangela"]
[Black "Veer, Willem"]
[Result "1/2-1/2"]
[WhiteElo "1683"]
[BlackElo "1939"]
[PlyCount "89"]
[EventDate "2011.01.21"]
[EventType "swiss"]
[EventRounds "9"]
[EventCountry "SUR"]
[SourceTitle "EXT 2024"]
[Source "ChessBase"]
[SourceDate "2023.10.10"]
[SourceVersion "1"]
[SourceVersionDate "2023.10.10"]
[SourceQuality "1"]

1. e4 e6 2. d4 d5 3. exd5 exd5 4. Bd3 Bd6 5. Nf3 Ne7 6. 0-0 Bf5 7. Re1 Bxd3 8. Qxd3 c6 9. Nbd2 Nd7 10. c3 0-0 11. Nf1 f6 12. Ne3 Qc7 13. Nf5 Nxf5 14. Qxf5 Rae8 15. Bd2 g6 16. Qd3 Qb8 17. Bh6 Rxe1+ 18. Rxe1 Re8 19. Rxe8+ Qxe8 20. Qe3 Qxe3 21. Bxe3 b5 22. b4 Nb6 23. Nd2 Na4 24. Nb1 Kf7 25. h3 Ke6 26. Kf1 Bc7 27. a3 a5 28. Ke2 Nb2 29. Nd2 a4 30. g3 h5 31. f4 Kf5 32. Bf2 Nc4 33. Nxc4 bxc4 34. Kf3 Bd6 35. Be1 Bf8 36. g4+ hxg4+ 37. hxg4+ Ke6 38. Bd2 Be7 39. Be3 f5 40. g5 Kd7 41. Ke2 Bd6 42. Kf3 Kc7 43. Bd2 Kb6 44. Be3 Kb5 45. Bf2 1/2-1/2

[Event "Olympiad-39"]
[Site "Khanty-Mansiysk"]
[Date "2010.09.28"]
[Round "7.4"]
[White "Corbin, Philip"]
[Black "Veer, Willem"]
[Result "1/2-1/2"]
[WhiteElo "2151"]
[BlackElo "1957"]
[PlyCount "110"]
[EventDate "2010.09.21"]
[EventType "team-swiss"]
[EventRounds "11"]
[EventCountry "RUS"]
[SourceTitle "CBM 139"]
[Source "ChessBase"]
[SourceDate "2010.11.18"]
[SourceVersion "1"]
[SourceVersionDate "2010.11.18"]
[SourceQuality "1"]
[WhiteTeam "Barbados"]
[BlackTeam "Surinam"]
[WhiteTeamCountry "BAR"]
[BlackTeamCountry "SUR"]

1. e4 e6 2. d4 d5 3. e5 c5 4. c3 Nc6 5. Nf3 Qb6 6. Bd3 Bd7 7. dxc5 Bxc5 8. Qe2 Qc7 9. 0-0 a6 10. a4 Nge7 11. Bf4 Ng6 12. Bg3 Qd8 13. Nbd2 0-0 14. b4 Bb6 15. Nb3 Rc8 16. a5 Ba7 17. Nbd4 Nxd4 18. cxd4 Qe7 19. Rab1 Rc3 20. h4 Rfc8 21. h5 Nf8 22. Bh4 Qe8 23. h6 Rxd3 24. Qxd3 Bb5 25. Qd2 Bxf1 26. Rxf1 g6 27. Qf4 Nd7 28. Rc1 Rxc1+ 29. Qxc1 Bb8 30. Nh2 Ba7 31. Ng4 Bb8 32. Bf6 Kf8 33. b5 axb5 34. Qa3+ Kg8 35. a6 bxa6 36. Qxa6 b4 37. Qb7 b3 38. Bg7 f5 39. exf6 Bd6 40. Qxb3 Qb8 41. Qxb8+ Bxb8 42. Kf1 Kf7 43. Ke2 e5 44. dxe5 Bxe5 45. Nxe5+ Nxe5 46. f4 Nc6 47. g4 Nd8 48. Ke3 Ne6 49. f5 gxf5 50. gxf5 d4+ 51. Ke4 Nc7 52. Kxd4 Nb5+ 53. Ke5 Nc3 54. Kd6 Ne4+ 55. Kd5 Nc3+ 1/2-1/2

[Event "Paramaribo Olympiad qual"]
[Site "Paramaribo"]
[Date "2010.04.17"]
[Round "5"]
[White "Veer, Willem"]
[Black "Mungroo, Franklin"]
[Result "1/2-1/2"]
[WhiteElo "1943"]
[BlackElo "2152"]
[PlyCount "80"]
[EventDate "2010.03.20"]
[EventType "tourn"]
[EventRounds "5"]
[EventCountry "SUR"]
[SourceTitle "EXT 2024"]
[Source "ChessBase"]
[SourceDate "2023.10.10"]
[SourceVersion "1"]
[SourceVersionDate "2023.10.10"]
[SourceQuality "1"]

1. d4 Nf6 2. Nf3 d6 3. e3 g6 4. Bd3 Nbd7 5. Nbd2 Bg7 6. b3 b6 7. Bb2 d5 8. 0-0 Bb7 9. Re1 0-0 10. Rc1 a6 11. Qe2 Ne4 12. c4 e6 13. Nf1 f5 14. Ba3 Rf7 15. N3d2 h6 16. Bb2 Ndf6 17. f3 Nd6 18. c5 Nde8 19. b4 b5 20. Nb3 c6 21. Na5 Ra7 22. Bc3 Ba8 23. Ra1 Rac7 24. a4 Bb7 25. Ra3 Bc8 26. Rea1 Nd7 27. f4 Nef6 28. Nd2 Nb8 29. Nf3 Nbd7 30. Ne5 Nxe5 31. dxe5 Nh7 32. axb5 axb5 33. Nb3 Bb7 34. Nd4 Nf8 35. Nf3 g5 36. Nd4 g4 37. Be1 Qe7 38. Bf2 Ng6 39. Qe1 Kh7 40. Qe2 h5 1/2-1/2

[Event "Paramaribo Olympiad qual"]
[Site "Paramaribo"]
[Date "2010.04.16"]
[Round "4"]
[White "Hanoeman, Suradj"]
[Black "Veer, Willem"]
[Result "1/2-1/2"]
[WhiteElo "1986"]
[BlackElo "1943"]
[PlyCount "80"]
[EventDate "2010.03.20"]
[EventType "tourn"]
[EventRounds "5"]
[EventCountry "SUR"]
[SourceTitle "EXT 2024"]
[Source "ChessBase"]
[SourceDate "2023.10.10"]
[SourceVersion "1"]
[SourceVersionDate "2023.10.10"]
[SourceQuality "1"]

1. d4 d6 2. Nf3 Nf6 3. e3 g6 4. c4 Bg7 5. Nc3 0-0 6. Be2 c6 7. 0-0 Qc7 8. b3 Bg4 9. Bb2 Nbd7 10. Rc1 Rad8 11. Qc2 Rfe8 12. b4 b6 13. c5 dxc5 14. bxc5 bxc5 15. Na4 Bf5 16. Bd3 Bxd3 17. Qxd3 Qa5 18. Qc4 Nb6 19. Nxb6 axb6 20. Ne5 Rd5 21. e4 b5 22. Qc2 Rd6 23. dxc5 Re6 24. f4 Nh5 25. Qf2 Qxa2 26. Ra1 Qb3 27. Bd4 Rf6 28. Rfb1 Qe6 29. Nd3 Qxe4 30. Bxf6 Bxf6 31. Ne5 Qxf4 32. Qxf4 Nxf4 33. Re1 Ne6 34. Ra6 Bxe5 35. Rxe5 Rc8 36. Kf2 Kg7 37. Ra7 Kf6 38. Re2 Rd8 39. Ke1 Re8 40. Ra6 Rc8 1/2-1/2

[Event "Paramaribo Olympiad qual"]
[Site "Paramaribo"]
[Date "2010.04.09"]
[Round "2"]
[White "Tjong Tjin, Joe Calvin"]
[Black "Veer, Willem"]
[Result "0-1"]
[WhiteElo "1864"]
[BlackElo "1943"]
[PlyCount "68"]
[EventDate "2010.03.20"]
[EventType "tourn"]
[EventRounds "5"]
[EventCountry "SUR"]
[SourceTitle "EXT 2024"]
[Source "ChessBase"]
[SourceDate "2023.10.10"]
[SourceVersion "1"]
[SourceVersionDate "2023.10.10"]
[SourceQuality "1"]

1. e4 e6 2. Qe2 c5 3. g3 Nc6 4. Nf3 Nf6 5. Bg2 Be7 6. Nc3 Nb4 7. d3 0-0 8. 0-0 a6 9. a3 Nc6 10. Bf4 d6 11. e5 Nd5 12. Nxd5 exd5 13. c4 dxc4 14. dxc4 dxe5 15. Rad1 Qb6 16. Nxe5 Nd4 17. Qe3 Bf6 18. b4 Ne6 19. Nd7 Bxd7 20. Rxd7 Nxf4 21. Rxb7 Nxg2 22. Qf3 Qe6 23. bxc5 Ne1 24. Qd5 Nc2 25. c6 Nxa3 26. c7 Nxc4 27. Qc5 Rac8 28. Rfb1 Be7 29. Qd4 Qc6 30. Rb8 Rxc7 31. Qg4 Ne5 32. Rxf8+ Bxf8 33. Qf4 Nf3+ 34. Kf1 Qc4+ 0-1

[Event "Paramaribo Olympiad qual"]
[Site "Paramaribo"]
[Date "2010.04.07"]
[Round "1"]
[White "Sanches, Casanova Romario"]
[Black "Veer, Willem"]
[Result "0-1"]
[WhiteElo "1978"]
[BlackElo "1943"]
[PlyCount "45"]
[EventDate "2010.03.20"]
[EventType "tourn"]
[EventRounds "5"]
[EventCountry "SUR"]
[SourceTitle "EXT 2024"]
[Source "ChessBase"]
[SourceDate "2023.10.10"]
[SourceVersion "1"]
[SourceVersionDate "2023.10.10"]
[SourceQuality "1"]

1. c4 e5 2. Nc3 Nf6 3. g3 c6 4. Nf3 e4 5. Nd4 d5 6. cxd5 cxd5 7. d3 Nc6 8. Nxc6 bxc6 9. dxe4 d4 10. Bg5 dxc3 11. Qxd8+ Kxd8 12. e5 h6 13. Be3 Nd5 14. 0-0-0 cxb2+ 15. Kxb2 Ke8 16. Bg2 Rb8+ 17. Ka1 Ba3 18. Bxd5 cxd5 19. Bxa7 Bb2+ 20. Kb1 Bf5+ 21. Rd3 Bxd3+ 22. exd3 Rb7 23. Bc5 0-1

[Event "SUR-ch"]
[Site "Paramaribo"]
[Date "2010.??.??"]
[Round "13"]
[White "Mungroo, Franklin"]
[Black "Veer, Willem"]
[Result "1/2-1/2"]
[WhiteElo "2150"]
[BlackElo "1940"]
[PlyCount "123"]
[EventDate "2010.03.??"]
[EventType "tourn"]
[EventRounds "13"]
[EventCountry "SUR"]
[SourceTitle "EXT 2012"]
[Source "ChessBase"]
[SourceDate "2011.11.24"]
[SourceVersion "1"]
[SourceVersionDate "2011.11.24"]
[SourceQuality "1"]

1. e4 e6 2. d4 d5 3. e5 c5 4. c3 Nc6 5. Nf3 Qb6 6. Be2 cxd4 7. cxd4 Nh6 8. Nc3 Nf5 9. Na4 Qa5+ 10. Kf1 b5 11. Nc3 a6 12. g4 Nfe7 13. Nh4 Qb4 14. Nf3 Qa5 15. Be3 Bd7 16. Nh4 Ng6 17. Ng2 Bb4 18. a4 bxa4 19. Nxa4 Qd8 20. h4 0-0 21. h5 Nge7 22. Bg5 Qc7 23. h6 g6 24. Rc1 Qa7 25. Nc5 Rfe8 26. Nxa6 Qb6 27. Nxb4 Qxb4 28. Be3 Qxb2 29. Nf4 Nb4 30. Rb1 Qa3 31. Rb3 Ba4 32. Rxa3 Bxd1 33. Rxa8 Bxe2+ 34. Kxe2 Rxa8 35. Rb1 Nbc6 36. Rb7 Rb8 37. Rxb8+ Nxb8 38. Nd3 Nec6 39. Nc5 Kf8 40. Kd3 Ke8 41. Kc3 Nd7 42. Nb7 f6 43. exf6 Nxf6 44. f3 Nd7 45. Kd3 Nb4+ 46. Kd2 Nc6 47. g5 Nb6 48. Kd3 Nc4 49. Bg1 Kd7 50. Nc5+ Ke7 51. f4 Nd6 52. Bf2 Nf5 53. Kc3 Nd6 54. Kd3 Nf5 55. Nb3 Nb4+ 56. Kc3 Nc6 57. Nd2 Nd6 58. Kd3 Nb4+ 59. Kc3 Nc6 60. Kd3 Nb4+ 61. Kc3 Nc6 62. Kd3 1/2-1/2

[Event "SUR-ch"]
[Site "Paramaribo"]
[Date "2010.??.??"]
[Round "5"]
[White "Naipal, Victoria"]
[Black "Veer, Willem"]
[Result "1-0"]
[WhiteElo "1825"]
[BlackElo "1940"]
[PlyCount "90"]
[EventDate "2010.03.??"]
[EventType "tourn"]
[EventRounds "13"]
[EventCountry "SUR"]
[SourceTitle "EXT 2012"]
[Source "ChessBase"]
[SourceDate "2011.11.24"]
[SourceVersion "1"]
[SourceVersionDate "2011.11.24"]
[SourceQuality "1"]

1. Nf3 d5 2. d4 e6 3. Bf4 c5 4. e3 Qb6 5. b3 Nc6 6. Be2 cxd4 7. exd4 Bb4+ 8. c3 Be7 9. 0-0 Nf6 10. c4 dxc4 11. bxc4 0-0 12. Nc3 Rd8 13. Be3 Qa5 14. Qb3 Bd6 15. Nb5 Qb4 16. Nxd6 Qxd6 17. Rfd1 b6 18. c5 bxc5 19. dxc5 Qe7 20. Rxd8+ Nxd8 21. Ne5 Bb7 22. Nc4 Bd5 23. Rb1 h6 24. f3 Nd7 25. Qa3 Rb8 26. Rxb8 Nxb8 27. Nd6 Nbc6 28. Qb2 Qh4 29. g3 Qa4 30. a3 Qa5 31. Kf2 f6 32. f4 Qa4 33. f5 e5 34. Qd2 Ne7 35. Qc1 Ndc6 36. Qb2 Qa5 37. Bh5 Qc7 38. Qd2 Nd8 39. Qc2 Nc8 40. Nb5 Qc6 41. Qd3 Nb7 42. Nc3 Bh1 43. Qc4+ Kh8 44. Qf7 Ne7 45. Qxe7 Qc8 1-0

[Event "Olympiad-38"]
[Site "Dresden"]
[Date "2008.11.23"]
[Round "10"]
[White "Jones, Rupert William"]
[Black "Veer, Willem"]
[Result "1/2-1/2"]
[WhiteElo "1966"]
[BlackElo "1959"]
[PlyCount "60"]
[EventDate "2008.11.13"]
[EventType "team-swiss"]
[EventRounds "11"]
[EventCountry "GER"]
[SourceTitle "CBM 128"]
[Source "ChessBase"]
[SourceDate "2009.01.28"]
[SourceVersion "1"]
[SourceVersionDate "2009.01.28"]
[SourceQuality "1"]
[WhiteTeam "Papua New Guinea"]
[BlackTeam "Surinam"]
[WhiteTeamCountry "PNG"]
[BlackTeamCountry "SUR"]

1. e4 e6 2. d4 d5 3. e5 c5 4. c3 Nc6 5. Nf3 Bd7 6. a3 c4 7. Be2 Na5 8. Nbd2 Rc8 9. 0-0 Ne7 10. Rb1 h5 11. h4 Nf5 12. g3 Be7 13. Re1 b6 14. Nf1 Nb3 15. Bf4 g6 16. N1d2 Ba4 17. Nxb3 Bxb3 18. Qd2 a5 19. Bd1 a4 20. Be2 Kd7 21. Bf1 Ra8 22. Bh3 Qf8 23. Bxf5 gxf5 24. Bg5 Qg8 25. Bxe7 Kxe7 26. Ng5 Qg6 27. Rbc1 Rhc8 28. Qf4 Rh8 29. Kh2 Raf8 30. Re2 Ra8 1/2-1/2

[Event "Olympiad-38"]
[Site "Dresden"]
[Date "2008.11.22"]
[Round "9"]
[White "Veer, Willem"]
[Black "Jere, Daniel"]
[Result "0-1"]
[WhiteElo "1959"]
[BlackElo "2240"]
[PlyCount "55"]
[EventDate "2008.11.13"]
[EventType "team-swiss"]
[EventRounds "11"]
[EventCountry "GER"]
[SourceTitle "CBM 128"]
[Source "ChessBase"]
[SourceDate "2009.01.28"]
[SourceVersion "1"]
[SourceVersionDate "2009.01.28"]
[SourceQuality "1"]
[WhiteTeam "Surinam"]
[BlackTeam "Zambia"]
[WhiteTeamCountry "SUR"]
[BlackTeamCountry "ZAM"]

1. d4 Nf6 2. Nf3 g6 3. e3 Bg7 4. Bd3 d6 5. 0-0 0-0 6. Nbd2 c5 7. c3 Nc6 8. Qc2 Bd7 9. Re1 Rc8 10. dxc5 dxc5 11. b3 Nd5 12. Bb2 Ncb4 13. cxb4 Nxb4 14. Qb1 Bxb2 15. Qxb2 Nxd3 16. Qc3 Nxe1 17. Rxe1 Bc6 18. Ne5 f6 19. Nxc6 Rxc6 20. f3 Qd5 21. Kf2 Rd8 22. Re2 b5 23. Ne4 Qe5 24. Qa5 Qb8 25. Rc2 Qb6 26. Qa3 f5 27. Nxc5 b4 28. Ke2 0-1

[Event "Olympiad-38"]
[Site "Dresden"]
[Date "2008.11.19"]
[Round "6"]
[White "Li Ying, Patrick"]
[Black "Veer, Willem"]
[Result "1-0"]
[WhiteElo "2153"]
[BlackElo "1959"]
[PlyCount "87"]
[EventDate "2008.11.13"]
[EventType "team-swiss"]
[EventRounds "11"]
[EventCountry "GER"]
[SourceTitle "CBM 128"]
[Source "ChessBase"]
[SourceDate "2009.01.28"]
[SourceVersion "1"]
[SourceVersionDate "2009.01.28"]
[SourceQuality "1"]
[WhiteTeam "Mauritius"]
[BlackTeam "Surinam"]
[WhiteTeamCountry "MAU"]
[BlackTeamCountry "SUR"]

1. Nf3 d5 2. d4 Nf6 3. Bf4 e6 4. e3 c5 5. c3 Nc6 6. Nbd2 Qb6 7. Qb1 Nh5 8. Bg5 h6 9. Bh4 Bd7 10. Be2 Nf6 11. 0-0 Bd6 12. a4 Qc7 13. dxc5 Bxc5 14. b4 Bd6 15. Rc1 Rc8 16. b5 Ne5 17. c4 Nxf3+ 18. Nxf3 g5 19. Bg3 Bxg3 20. hxg3 0-0 21. cxd5 Qxc1+ 22. Qxc1 Rxc1+ 23. Rxc1 Nxd5 24. e4 Nf6 25. Rc7 Bc8 26. Bd3 Ng4 27. e5 Rd8 28. Bc2 a5 29. Kf1 f6 30. Bb3 Kf8 31. exf6 Nxf6 32. Ne5 Nd5 33. Ng6+ Ke8 34. Bxd5 Rxd5 35. Rxc8+ Kd7 36. Ra8 b6 37. Ra7+ Kd6 38. Ne7 Rd1+ 39. Ke2 Rc1 40. Rb7 h5 41. Ng6 Rc2+ 42. Ke3 Ra2 43. Rxb6+ Kd7 44. Ne5+ 1-0